000 00365nam a22001457a 4500
005 20171206162709.0
008 171206b xxu||||| |||| 00| 0 eng d
041 _aeng
082 _a622.14
100 _aCHAND, ALAM
_94013
245 _aMODERN CONCEPTS OF MINE SURVEYING (VOL-2)
_cALAM CHAND
260 _aDHANBAD
_bNEW SKETCH PRESS
300 _a179p,
942 _cBK
999 _c5669
_d5667